| 000 | 00000nam 2200000zi 4500 |
| 001 | 9.940076 |
| 003 | CaOODSP |
| 005 | 20251029135823 |
| 006 | m o d f |
| 007 | cr cn |||||||| |
| 008 | 240702t20242024oncdab ob f00| 0 eng d |
| 020 | |a9780660726137 |
| 040 | |aCaOODSP|beng|erda|cCaOODSP |
| 043 | |an-cn--- |
| 086 | 1 |aM41-11/170-2024E-PDF |
| 100 | 1 |aTodd, Brian J. |q(Brian Jeremy)|eauthor. |
| 245 | 10|aBenthic habitat of the Gulf of Maine, offshore Nova Scotia : |bthe legacy of Mesozoic to Cenozoic geological history / |cB.J. Todd. |
| 264 | 1|a[Ottawa] : |bGeological Survey of Canada, |c2024. |
| 264 | 4|c©2024 |
| 300 | |a1 online resource (1 page) : |bcharts, illustrations, maps. |
| 336 | |atext|btxt|2rdacontent |
| 337 | |acomputer|bc|2rdamedia |
| 338 | |aonline resource|bcr|2rdacarrier |
| 490 | 1 |aScientific presentation ; |v170 |
| 500 | |a"Presented at 2024 Annual GeoHab Conference, Arendal, Norway. Date presented: May 2024." |
| 504 | |aIncludes bibliographical references. |
| 650 | 0|aMarine benthic ecology|zMaine, Gulf of. |
| 650 | 0|aHistorical geology|zMaine, Gulf of. |
| 650 | 6|aÉcologie marine benthique|zMaine, Golfe du. |
| 650 | 6|aGéologie historique|zMaine, Golfe du. |
| 710 | 2 |aGeological Survey of Canada, |eissuing body. |
| 830 | #0|aScientific presentation (Geological Survey of Canada)|v170.|w(CaOODSP)9.820265 |
| 856 | 40|qPDF|s27.90 MB|uhttps://publications.gc.ca/collections/collection_2025/rncan-nrcan/m41-11/M41-11-170-2024-eng.pdf |
| 856 | 4 |qHTML|sN/A|u https://doi.org/10.4095/ppqrvcdqus |